Клинични и социални аспекти на поведенческите проблеми в предучилищна възраст (Запис номер 160793)
[ съкратено ]
| 000 -Лидер | |
|---|---|
| Контролно поле с фиксирана дължина | 01962nam a2200385 c 4500 |
| 003 - Код на организацията, давaща контролен номер | |
| Контролно поле | BLK |
| 005 - Дата и час на последна редакция | |
| Контролно поле | 20250425125254.0 |
| 008 - Елементи от данни с фиксирана дължина | |
| fixed length control field | 180410b bul|||||r ||||||| ||bul|| |
| 010 ## - Наследен системен номер | |
| LC control number | KNG00168076000 |
| 020 ## - Международен стандартен номер на книга ISBN | |
| Международен стандартен номер на книга ISBN | 978-954-535-695-7 |
| -- | издат.: Нов бълг. унив. |
| 040 ## - Източник на каталожния запис | |
| Идентификатор на билиотеката - собственик на записа | BLK |
| 041 ## - Код за език | |
| Код за езика на текст/звукозапис или на отделно заглавие | Български |
| Код за езика КДБФ | Български |
| 072 #7 - Код за тематичната категория | |
| Код организация | bullib |
| Код за тематична категория | Н15 |
| Текст | Психология Н |
| 080 ## - УДК | |
| Текстов определител УДК | Психология на детската възраст. Интелектуално развитие на децата. Психически особености. Детски представи, описани в разкази |
| УДК код - определител по УДК | 159.922.7 |
| УДК определител | |
| УДК - код + определител | 159.922.7 |
| 100 1# - Редна дума - Автор | |
| Автор | Станкова, Маргарита Димитрова |
| Авторска отговорност | първи автор |
| R(LIN) | 372614 |
| 139 ## - Редно поле | |
| Редна дума | Станкова, Маргарита Димитрова |
| Авторски знак | Стани - С 69 |
| 245 10 - Сведения за заглавието | |
| Заглавие | Клинични и социални аспекти на поведенческите проблеми в предучилищна възраст |
| Редно поле (дума) | Маргарита Димитрова Станкова. |
| 257 ## - Страна на издаване | |
| Страна на създаване/издаване | България |
| 260 ## - Област на издателските данни | |
| -- | София |
| Име на издателя, разпространителя и проч. | Нов бълг. унив. |
| Година на издаване | 2012 |
| Печатница | София : Аскони-издат |
| 300 ## - Физическа характеристика | |
| Страници | 260 с. |
| Илюстрации и др. | с табл., сх. |
| Размери/Мащаб | 20 см |
| 380 ## - Жанр | |
| Жанр | Философия |
| 500 ## - Общи забележки | |
| Забележка | Съдържа и за авт. - Речник на клинични термини: с. 256-260. - Библиогр. с. 228-255. |
| 650 #4 - Допълнително описание по предмет – тема | |
| Основно описание – тема или топоним | Предучилищно възпитание |
| 9 (RLIN) | 241578 |
| 650 #4 - Допълнително описание по предмет – тема | |
| Основно описание – тема или топоним | Детска и педагогическа психология |
| 9 (RLIN) | 244538 |
| 653 ## - Ключова дума – ненормативна | |
| Ключова дума | детска психология |
| 653 ## - Ключова дума – ненормативна | |
| Ключова дума | поведенческа психология |
| 653 ## - Ключова дума – ненормативна | |
| Ключова дума | предучилищна възраст |
| 659 ## - Тематичен бюлетин | |
| Тематичен бюлетин | Н |
| 852 ## - Местоположение | |
| Форматна сигнатура | Цб 271669 |
| 856 4# - Електронен адрес и достъп | |
| Електронен формат | pdf - файл |
| Път до файла /url/ | |
| 856 4# - Електронен адрес и достъп | |
| Електронен формат | pdf - файл |
| Път до файла /url/ | |
| 942 ## - АРТИКУЛИ | |
| Вид на библиотечния материал | Книги |
| Скрит в OPAC | Не |
| Koha issues (borrowed), all copies | 2 |
| 944 ## - СЪЗДАВАНЕ И РЕДАКЦИЯ на ЗАПИСА | |
| Създаване/Редакция | Създаване |
| Дата на регистрацията/редакция | 01.12.2014 |
| Статус, дата на статуса | Минев Младен |
| Служител, извършил регистрацията/редакцията | 30530 |
| 944 ## - СЪЗДАВАНЕ И РЕДАКЦИЯ на ЗАПИСА | |
| Създаване/Редакция | Редакция |
| Дата на регистрацията/редакция | 07.11.2016 |
| Статус, дата на статуса | ф / |
| Служител, извършил регистрацията/редакцията | Людмила_Стоянова |
| 999 ## - СИСТЕМНИ КОНТРОЛНИ НОМЕРА | |
| Koha biblionumber | 160793 |
| Koha biblioitemnumber | 160793 |
| Код за отписване | Код за изгубен артикул | Код за повреда | Коз за рестрикции | Код за отдаване | Артикулен № | Име на библиотеката - собственик | Име на библиотеката, в която се намира в момента | Статус (Текущо местоположение) | Дата на вписване в системата | Местоположение - отдел | Цена в лева | Инвентарен номер | Систематично азбучна сигнатура | Баркод | Номер на екземпляра | Цена в евро | Служебна бележка | Служебен тип на артикула | Източник на класификационната схема |
|---|---|---|---|---|---|---|---|---|---|---|---|---|---|---|---|---|---|---|---|
| Не е изгубен | Не е повреден | без рестрикции | ползва се в читалня | 268816 | Регионална библиотека "Любен Каравелов" Русе | Регионална библиотека "Любен Каравелов" Русе | Хранилище | 2014-12-04 | Хранилище | 12.00 | 120000783378 | Цб 271669 | 120000783378 | 1 | 6.14 | Дост: Pk Вид: Д N: 10 Дата: 10.02.2014 | Книги | ||
| Не е изгубен | Не е повреден | без рестрикции | заемане за дома | 268817 | Регионална библиотека "Любен Каравелов" Русе | Регионална библиотека "Любен Каравелов" Русе | Заемна - подръчен фонд | 2016-07-11 | Заемна - подръчен фонд | 12.00 | 120000802058 | 159.922.7/С 69 М | 120000802058 | 2 | 6.14 | Дост: DA Вид: А N: 27 Дата: 11.07.2016 Дата инв: 01.02.2018 Бележки инв: П2018 | Книги | Universal Decimal Classification |